00967nam a2200253 i 45000010005000000030009000050050017000140070003000310080041000340200018000750800012000930800012001051000030001172450183001472600059003303000027003894900024004166500030004406500029004708300032004998520045005319990015005769520122005917120ES-MaACL20250814045704.0t|900821s1985 gw ||||1| ger d a3-515-04544-9 a513:531 a531:5131 aZiegler, Renatus.911823814aDie Geschichte der geometrischen mechanik im 19. Jahrhundert b: eine historisch-systematische Untersuchung von Mobius und Plucker bis zu Klein und Lindemann / cRenatus Ziegler. aStuttgart : bFranz Steiner V. Wiesbaden GmbH, c1985. aVII, 260 p. ; c23 cm.1 aBoethius ; vBd. 1317aGeometría2embne91309617aMecánica2embne9148690 aBoethius ; vBd. 139227858 aES-MaACLjL-14413 bR.115803 z. - rust. c7120d7120 00104070aATENEOMbATENEOMcDEPO2d2008-01-17eSCl0oL-14413p1007258r2023-02-23 00:00:00w2023-02-23yMONOGRAFIA